| 000 | 00636cam a22002051 4500 | ||
|---|---|---|---|
| 001 | sa 65004625 | ||
| 003 | DLC | ||
| 005 | 20260227112132.0 | ||
| 008 | 860417s1962 io 000 0 eng | ||
| 010 | _asa 65004625 | ||
| 035 | _a(OCoLC)13448115 | ||
| 040 |
_aDLC _cIDeKN _dDLC |
||
| 043 | _aa-io--- | ||
| 050 | 0 | 0 |
_aPL5095.E3 _bS8 |
| 100 | 1 | _aSuradi, Bintang. | |
| 245 | 1 | 0 |
_aContemporary progressive Indonesian poetry / _ctranslated and edited with an introd., by Bintang Suradi. |
| 260 |
_aDjakarta : _bLeague of People's Culture, _c[1962] |
||
| 300 |
_a95 p. ; _c22 cm. |
||
| 650 | 0 |
_aIndonesian poetry _xTranslations into English. |
|
| 999 |
_c63855 _d63855 |
||